|
|
|
|
| LEADER |
02029nam a2200301 a 4500 |
| 001 |
10039429 |
| 003 |
GR-PaULI |
| 005 |
20210318104444.0 |
| 008 |
010306s1996 gr f b 001 |fre d |
| 952 |
|
|
|0 0
|1 0
|2 ddc
|4 0
|6 016_709000000000000_021_4_BIB
|7 0
|9 234946
|a LISA
|b LISA
|c BSC
|d 2019-09-11
|i 4136
|l 0
|o 016.709 021 4 BIB
|p 025000263571
|r 2019-09-11 00:00:00
|t 1
|v 2019.00
|w 2019-09-11
|y BK15
|
| 999 |
|
|
|c 142411
|d 142411
|
| 040 |
|
|
|a GR-PaULI
|b gre
|c GR-PaULI
|d GR-AiPI
|e AACR2
|
| 041 |
0 |
|
|a fre
|a gre
|
| 082 |
0 |
4 |
|a 016.709 021 4
|2 23
|
| 245 |
0 |
0 |
|a Bibliographie de l' art byzantin et postbyzantin :
|b la contribution grecque, 1991-1996 /
|c redigee par I. Bitha, A. Katsioti, E. Katsa = Βιβλιογραφία της βυζαντινής και της μεταβυζαντινής τέχνης : η ελληνική συμβολή, 1991-1996 / σύνταξη Ι. Μπίθα, Α. Κατσιώτη, Ε. Κάτσα.
|
| 246 |
1 |
1 |
|i Παράλληλος τίτλος :
|a Βιβλιογραφία της βυζαντινής και μεταβυζαντινής τέχνης :
|b η ελληνική συμβολή, 1991-1996
|
| 260 |
|
|
|a Αθήνα :
|b Ακαδημία Αθηνών. Κέντρο Έρευνας της Βυζαντινής και Μεταβυζαντινής Τέχνης,
|c 1996.
|
| 300 |
|
|
|a 183 σ. ;
|c 24 εκ.
|
| 500 |
|
|
|a "Με την ευκαιρία του ΧΙΧου Διεθνούς Συνεδρίου για τις Βυζαντινές Σπουδές, Κοπεγχάγη 1996".
|
| 500 |
|
|
|a Περιλαμβάνει ευρετήρια.
|
| 650 |
|
4 |
|a Βιβλιογραφία
|y Βυζάντιο
|9 27687
|
| 650 |
|
4 |
|a Τέχνη, Βυζαντινή
|9 1212
|
| 650 |
|
4 |
|a Ζωγραφική
|y Μεταβυζαντινή περίοδος
|z Ευρώπη
|9 27461
|
| 700 |
1 |
|
|a Μπίθα, Ιωάννα
|e συμπιλήτρια.
|9 27907
|
| 700 |
1 |
|
|a Κατσιώτη, Α.
|9 27909
|e συμπιλήτρια.
|
| 700 |
1 |
|
|a Κάτσα, Ε.
|9 27910
|e συμπιλήτρια.
|
| 942 |
|
|
|2 ddc
|c BK15
|
| 998 |
|
|
|c ΛΟΥΚΟΠΟΥΛΟΥ
|d 2019-09
|